000 00802nac a22001931u 4500
020 _a8120319559
082 _a621.82
_bS5313
090 _c959
_d959
100 _aSharma, C. S.
245 _aDesign of machine elements /
_cC. S. Sharma.
260 _aNew Delhi :
_bPrentice-Hall of India,
_c1994.
300 _a 780 p. :
_bDiagram,
_c24 cm.
500 _aIncludes index.
650 _aMachine design.
700 _aPurohit, Kamlesh.
942 _cBB
_k621.82S5313
999 _c959
_d959